[Event "FIDE World Rapid Team"]
[Site "London ENG"]
[Date "2025.06.13"]
[Round "9.2"]
[White "Sivanandan, Bodhana"]
[Black "Vincent, Trevor"]
[Result "1/2-1/2"]
[WhiteElo "2052"]
[BlackElo "2226"]
[EventDate "2025.06.11"]
[Board "4"]

1. e4 e5 2. Nf3 Nc6 3. Nc3 Nf6 4. d4 exd4 5. Nxd4 Bb4 6. Nxc6 bxc6 7. Bd3
d5 8. exd5 cxd5 9. O-O O-O 10. h3 c6 11. Qf3 Bd6 12. Bf4 Rb8 13. b3 Rb4 14.
Bxd6 Qxd6 15. Ne2 c5 16. a3 Rh4 17. Qg3 Qxg3 18. Nxg3 Re8 19. Rfe1 Kf8 20.
Rxe8+ Kxe8 21. Re1+ Kd8 22. Bf5 Ba6 23. Rd1 g6 24. Bd3 Bxd3 25. Rxd3 Ke7
26. Ne2 a5 27. f3 c4 28. Rd4 Rxd4 29. Nxd4 Kd6 30. Kf2 Kc5 31. Ke3 Ne8 32.
g4 Nd6 33. a4 Kb4 34. Kd2 Kc5 35. Ke3 Kb4 36. Kd2 Kc5 1/2-1/2

[Event "FIDE World Rapid Team"]
[Site "London ENG"]
[Date "2025.06.13"]
[Round "9.2"]
[White "Mortazavi, Sami"]
[Black "Stojsin, Nikola"]
[Result "1-0"]
[WhiteElo "1714"]
[BlackElo "1789"]
[EventDate "2025.06.11"]
[Board "6"]

1. e4 e5 2. Nf3 Nc6 3. Nc3 Nf6 4. Nd5 d6 5. d4 Nxe4 6. Bb5 Bd7 7. O-O Be7
8. Re1 Nf6 9. Nxe7 Qxe7 10. dxe5 Nxe5 11. Nxe5 dxe5 12. Qe2 O-O-O 13. Bg5
Rhe8 14. a4 Qe6 15. Ra3 h6 16. Bh4 g5 17. Bg3 Bc6 18. Rc3 Bxb5 19. axb5 Kb8
20. f3 Nd5 21. Ra3 f6 22. Bf2 b6 23. Rea1 Nf4 24. Qe4 Qd5 25. Rxa7 Kc8 26.
Qf5+ Qe6 27. Qe4 Qd5 28. Qf5+ Qe6 29. Ra8+ Kd7 30. Rxd8+ Rxd8 31. Qh7+ Kd6
32. Rd1+ Nd5 33. c4 Qe7 34. Rxd5+ Ke6 35. Qxe7+ Kxe7 36. Rxd8 Kxd8 37. Kf1
Ke7 38. g4 Ke6 39. Ke2 f5 1-0

[Event "FIDE World Rapid Team"]
[Site "London ENG"]
[Date "2025.06.13"]
[Round "9.3"]
[White "Ghasi, Ameet K"]
[Black "Derakhshani, Borna"]
[Result "1-0"]
[WhiteElo "2483"]
[BlackElo "2240"]
[EventDate "2025.06.11"]
[Board "1"]

1. Nf3 Nf6 2. g3 d5 3. Bg2 g6 4. O-O Bg7 5. d3 O-O 6. Nbd2 Nc6 7. e4 e5 8.
c3 a5 9. Re1 Re8 10. Qc2 h6 11. b3 Be6 12. a3 d4 13. Bb2 Nd7 14. b4 dxc3
15. Bxc3 Nd4 16. Bxd4 exd4 17. Nb3 axb4 18. axb4 Bxb3 19. Qxb3 Nb6 20. Ra5
Qd7 21. Rea1 Rad8 22. h4 Qe6 23. Qc2 Re7 24. Kh2 Rd6 25. Bh3 Rc6 26. Rc5
Qf6 27. Kg2 Rxc5 28. bxc5 Nd7 29. Bxd7 Rxd7 30. c6 Qxc6 31. Ra8+ Kh7 32.
Qxc6 bxc6 33. Nd2 c5 34. Nc4 f5 35. e5 g5 36. h5 Rf7 37. f4 Bf8 38. Rc8
gxf4 39. gxf4 Rg7+ 40. Kf3 Be7 41. Rxc7 Bf8 42. Rc8 Be7 43. Nd6 Rg8 44. Rc7
1-0

[Event "FIDE World Rapid Team"]
[Site "London ENG"]
[Date "2025.06.13"]
[Round "9.3"]
[White "Balaji, Aaravamudhan"]
[Black "Roberson, Peter T"]
[Result "1-0"]
[WhiteElo "2278"]
[BlackElo "2372"]
[EventDate "2025.06.11"]
[Board "2"]

1. d4 e6 2. c4 Nf6 3. Nc3 Bb4 4. e3 O-O 5. Bd3 c5 6. Ne2 cxd4 7. exd4 d5 8.
cxd5 Qxd5 9. O-O Qh5 10. h3 Nc6 11. Qc2 Be7 12. a3 Rd8 13. Be3 Bd7 14. b4
Bd6 15. Ng3 Qh4 16. Nge4 Nxe4 17. Nxe4 Be7 18. Nc5 Be8 19. d5 Rxd5 20. Be4
Re5 21. f4 Rh5 22. Nxb7 Rc8 23. Na5 Rxa5 24. bxa5 Bd6 25. a6 Ne7 26. Qd3
Bc5 27. Bxc5 Rxc5 28. Qe3 Rc7 29. Rac1 Rd7 30. Rfd1 Rxd1+ 31. Rxd1 Kf8 32.
Rb1 f5 33. Bf3 Kf7 34. Rb7 g5 35. fxg5 f4 36. Qe5 h6 37. Qf6+ Kg8 38. Qxe6+
Bf7 39. Rb8+ Kh7 40. Qxf7# 1-0

[Event "FIDE World Rapid Team"]
[Site "London ENG"]
[Date "2025.06.13"]
[Round "9.3"]
[White "Rendle, Thomas E"]
[Black "Haydon, David L"]
[Result "1/2-1/2"]
[WhiteElo "2412"]
[BlackElo "2292"]
[EventDate "2025.06.11"]
[Board "3"]

1. d4 Nf6 2. c4 e6 3. g3 d5 4. Bg2 Be7 5. Nf3 O-O 6. O-O c5 7. cxd5 Nxd5 8.
dxc5 Bxc5 9. a3 Nc6 10. Qc2 Be7 11. Rd1 Qc7 12. e4 Nf6 13. Nc3 a6 14. h3
Rd8 15. Rxd8+ Bxd8 16. Be3 b5 17. e5 Nd5 18. Nxd5 exd5 19. Rc1 Bd7 20. Nd4
Rc8 21. Nxc6 Qxc6 22. Qd1 Qe6 23. Rxc8 Bxc8 24. Qd4 Bb7 25. Qa7 Qc6 26. Qb8
Qc7 27. Qa7 Qc6 28. Qb8 Qc7 29. Qxc7 Bxc7 30. Bd4 Kf8 31. f4 Ke7 32. Kf2
Ke6 33. h4 f5 34. Ke3 h5 35. Bf3 g6 36. Bd1 Ba5 37. b4 Bc7 38. Bc5 Bc6 39.
Kd4 Bd8 40. Bb3 Bb7 41. Ba7 Be7 42. Bb6 Bc6 43. Bd1 Bb7 44. Bc5 Bd8 45. Bc2
Bc6 46. Bb3 Bb7 47. Bd1 Bc6 48. Bb3 Bb7 49. a4 Bc6 50. axb5 axb5 51. Bd1
Bb7 52. Be2 Bc6 53. Bf1 Bd7 54. Bg2 Bc6 55. Bf3 Bb7 56. Bd1 Ba8 57. Bc2 Bb7
58. Bd3 Bc6 59. Bf1 Bd7 60. Ba7 Be7 61. Bc5 Bd8 62. Bg2 1/2-1/2

[Event "FIDE World Rapid Team"]
[Site "London ENG"]
[Date "2025.06.13"]
[Round "9.3"]
[White "Waldhausen Gordon, Frederick"]
[Black "Hryshchenko, Kamila"]
[Result "1-0"]
[WhiteElo "2153"]
[BlackElo "2054"]
[EventDate "2025.06.11"]
[Board "4"]

1. Nf3 d6 2. d4 Nd7 3. e4 Ngf6 4. Nc3 e5 5. Bc4 Be7 6. a4 c6 7. O-O h6 8.
Qe2 Qc7 9. Rd1 g5 10. dxe5 dxe5 11. Be3 Nf8 12. Nd2 Ng6 13. f3 Nf4 14. Qf2
Rg8 15. Bxf4 gxf4 16. Kf1 b6 17. Nb3 a5 18. Rd3 Bd7 19. Rad1 Rg7 20. Ke2
O-O-O 21. Rg1 Rdg8 22. Rdd1 Ne8 23. Ba6+ Kd8 24. Kd2 Qa7 25. Bd3 Be6 26.
Kc1 Kc8 27. Qe2 Nc7 28. Bc4 Bxc4 29. Qxc4 Qb7 30. Rd2 Bb4 31. Rgd1 Ne6 32.
Kb1 Nc5 33. Rd6 Rg6 34. Rxg6 Rxg6 35. Nxc5 Bxc5 36. Rd2 h5 37. Na2 h4 38.
Nc1 Be3 39. Rd1 Rxg2 40. Nd3 Rg5 41. b4 h3 42. bxa5 bxa5+ 43. Ka2 Rg1 44.
Rxg1 Bxg1 45. Nxe5 c5 46. Qxf7 Bxh2 47. Qe6+ Kc7 48. Qxh3 Bg1 49. Qd7+ Kb6
50. Nc4+ Ka7 51. Qxb7+ Kxb7 52. Nxa5+ Kc7 53. Kb3 Kb6 54. Nc4+ Kc6 55. Ne5+
Kd6 56. Nd3 Be3 57. Kc4 Kc6 58. a5 Kb7 59. Nxc5+ 1-0

[Event "FIDE World Rapid Team"]
[Site "London ENG"]
[Date "2025.06.13"]
[Round "9.3"]
[White "McCarthy, Kevin C"]
[Black "Jaufarally, Nadia"]
[Result "1-0"]
[WhiteElo "1917"]
[BlackElo "1901"]
[EventDate "2025.06.11"]
[Board "5"]

1. d4 Nf6 2. Nc3 d5 3. e4 Nxe4 4. Nxe4 dxe4 5. Bc4 Bf5 6. f3 e6 7. Bf4 Nc6
8. c3 Bd6 9. Qd2 Qh4+ 10. g3 Bxf4 11. Qxf4 Qxf4 12. gxf4 O-O-O 13. Kf2 Ne7
14. Ne2 exf3 15. Kxf3 Nd5 16. Rhg1 Rhg8 17. Rae1 h5 18. Bxd5 exd5 19. Ng3
Bg4+ 20. Kg2 h4 21. Nf1 g5 22. Ne3 gxf4 23. Nxg4 f5 24. Kh3 fxg4+ 25. Rxg4
Rxg4 26. Kxg4 Rg8+ 27. Kf3 Kd7 28. b3 b6 29. Re2 Rf8 30. Re5 Kd6 31. Rh5 c5
32. Rxh4 b5 33. Rh6+ Kc7 34. dxc5 1-0

[Event "FIDE World Rapid Team"]
[Site "London ENG"]
[Date "2025.06.13"]
[Round "9.3"]
[White "Camp, Imogen A L"]
[Black "Morea, Georgiana-Steluta"]
[Result "0-1"]
[WhiteElo "1805"]
[BlackElo "1929"]
[EventDate "2025.06.11"]
[Board "6"]

1. d4 Nf6 2. c4 g6 3. Nc3 Bg7 4. e4 d6 5. Nf3 Nbd7 6. Be2 O-O 7. O-O e5 8.
Be3 h6 9. Nd2 exd4 10. Bxd4 Re8 11. Rc1 Nc5 12. f3 Ne6 13. Be3 a6 14. b4 b6
15. Nb3 Qe7 16. c5 dxc5 17. bxc5 b5 18. a4 c6 19. Qd6 Bb7 20. Na5 Rad8 21.
Qxe7 Rxe7 22. Rfd1 Rxd1+ 23. Rxd1 Ng4 24. fxg4 Bxc3 25. Nxb7 Rxb7 26. axb5
axb5 27. Bf3 Be5 28. Bxh6 Nxc5 29. Rc1 Bd4+ 30. Kf1 b4 31. Bd1 b3 32. Bd2
Nxe4 33. Be1 b2 34. Rb1 Bc3 35. Bf2 Nd2+ 0-1

[Event "FIDE World Rapid Team"]
[Site "London ENG"]
[Date "2025.06.13"]
[Round "9.4"]
[White "Fernandez, Daniel Howard"]
[Black "Oro, Faustino"]
[Result "0-1"]
[WhiteElo "2380"]
[BlackElo "2457"]
[EventDate "2025.06.11"]
[Board "1"]

1. Nf3 Nf6 2. e3 d5 3. c4 e6 4. b3 b6 5. Bb2 Bb7 6. Nc3 Nbd7 7. Qc2 a6 8.
Be2 Bd6 9. O-O O-O 10. Rac1 Qe7 11. Rfe1 Rfe8 12. Qb1 Rad8 13. cxd5 exd5
14. Bf1 Ne5 15. Nxe5 Qxe5 16. f4 Qe7 17. Ne2 Ne4 18. Qc2 c5 19. Ng3 Nxg3
20. hxg3 h6 21. d4 Qe6 22. Kf2 Rc8 23. dxc5 Bxc5 24. Qd2 Qe7 25. Re2 a5 26.
Bd4 Bb4 27. Qd1 Bc5 28. Bxc5 bxc5 29. Qd2 Qd6 30. Ree1 Qb6 31. Be2 Red8 32.
Bg4 Rc7 33. Bf3 Rcc8 34. Red1 Qa6 35. Qd3 Qb6 36. Qf5 d4 37. exd4 cxd4 38.
Rxc8 Bxc8 39. Qe5 a4 40. bxa4 Be6 41. a5 Qa7 42. Rd2 Bc4 43. Be4 d3+ 44.
Kf3 Qg1 45. Qc7 Qf1+ 46. Kg4 Be6+ 47. f5 Rd4 48. Qb8+ Kh7 49. Qe5 h5+ 50.
Kxh5 Rxe4 51. Qxe4 Bxf5 52. Qh4 f6 0-1

[Event "FIDE World Rapid Team"]
[Site "London ENG"]
[Date "2025.06.13"]
[Round "9.4"]
[White "Ahmad, Khagan"]
[Black "Badacsonyi, Stanley"]
[Result "1-0"]
[WhiteElo "2301"]
[BlackElo "2316"]
[EventDate "2025.06.11"]
[Board "2"]

1. d4 Nf6 2. c4 g6 3. Nc3 Bg7 4. e4 d6 5. Nf3 O-O 6. Be2 e5 7. O-O Nc6 8.
d5 Ne7 9. b4 a5 10. bxa5 Rxa5 11. a4 b6 12. Nd2 Ne8 13. Nb3 Ra8 14. a5 bxa5
15. Nxa5 Bd7 16. Be3 f5 17. c5 f4 18. Bd2 dxc5 19. Nb7 Rxa1 20. Qxa1 Qc8
21. Nxc5 Nd6 22. f3 c6 23. Qa7 Rd8 24. Ba6 Qa8 25. Qb6 Be8 26. Rb1 cxd5 27.
Nb7 Rb8 28. Qxd6 Qa7+ 29. Kh1 Nc6 30. exd5 Nd4 31. Ne4 Nf5 32. Qb6 Qxb6 33.
Rxb6 Ra8 34. Nbc5 Bf8 35. d6 Bf7 36. Bc3 Ne3 37. Bxe5 Nc4 38. Bxc4 Bxc4 39.
Rb7 Bf7 40. Nf6+ Kg7 41. Ne6+ 1-0

[Event "FIDE World Rapid Team"]
[Site "London ENG"]
[Date "2025.06.13"]
[Round "9.4"]
[White "Shearsby, Jude"]
[Black "Lu, Miaoyi"]
[Result "1/2-1/2"]
[WhiteElo "2090"]
[BlackElo "2240"]
[EventDate "2025.06.11"]
[Board "3"]

1. e4 e5 2. Nf3 Nc6 3. d4 exd4 4. Nxd4 Nf6 5. Nxc6 bxc6 6. e5 Qe7 7. Qe2
Nd5 8. c4 Ba6 9. b3 g6 10. g3 Bg7 11. Bb2 O-O-O 12. Bg2 Rhe8 13. O-O Bxe5
14. Qxe5 Qxe5 15. Bxe5 Rxe5 16. cxd5 Bxf1 17. Kxf1 cxd5 18. Nc3 c6 19. Rc1
Kb8 20. Na4 Kc7 21. Nc5 Rde8 22. Bf3 h5 23. b4 Kd6 24. h4 g5 25. hxg5 Rxg5
26. Rd1 Rge5 27. Rd4 Rf5 28. Kg2 Re1 29. Rh4 Ra1 30. a4 a5 31. Nb7+ Kc7 32.
Nxa5 Rxa4 33. Bxh5 Ra2 34. Bf3 Kb6 35. Rh8 Rb2 36. Rb8+ Kc7 37. Rb7+ Kc8
38. Rb6 Kc7 39. Rb7+ Kc8 40. Rb6 Rf6 41. Rb7 d4 42. Rb6 d3 43. Nc4 Rc2 44.
Ne3 Rc1 45. b5 d2 46. bxc6 dxc6 47. Bg4+ Kd8 48. Nd5 cxd5 49. Rxf6 Ke7 50.
Rb6 d1=Q 51. Bxd1 Rxd1 52. Kf3 Re1 53. Ra6 Re4 54. Rc6 f5 55. Ra6 d4 56.
Rb6 Re6 57. Rxe6+ Kxe6 58. Ke2 Kd5 59. Kd3 Ke5 60. f3 Kd5 61. g4 fxg4 62.
fxg4 Ke5 63. g5 Kf5 64. g6 Kxg6 65. Kxd4 1/2-1/2

[Event "FIDE World Rapid Team"]
[Site "London ENG"]
[Date "2025.06.13"]
[Round "9.4"]
[White "Xu, Yuanyuan"]
[Black "Badacsonyi, Frankie"]
[Result "1/2-1/2"]
[WhiteElo "2251"]
[BlackElo "1947"]
[EventDate "2025.06.11"]
[Board "4"]

1. d4 Nf6 2. c4 e6 3. Nc3 d5 4. Bg5 Nbd7 5. e3 c6 6. Nf3 h6 7. Bh4 Be7 8.
Qc2 O-O 9. Rd1 a5 10. c5 b6 11. cxb6 Qxb6 12. Na4 Qb4+ 13. Nd2 Nb6 14. Nxb6
Qxb6 15. Rc1 Bd7 16. Bd3 Rfc8 17. O-O c5 18. dxc5 Rxc5 19. Qb1 Bb5 20. Rxc5
Qxc5 21. Nb3 Qb4 22. Bxb5 Qxb5 23. Nd4 Qb7 24. Rc1 Ne4 25. Bxe7 Qxe7 26.
Qc2 Qb7 27. f3 Nd6 28. b3 Rc8 29. Qd2 Ra8 30. Rc5 a4 31. Qc3 axb3 32. axb3
Rb8 33. Nxe6 Nf5 34. Nd4 Nxd4 35. exd4 Qxb3 36. Qxb3 Rxb3 37. Rxd5 Rb2 38.
h4 Kf8 39. Kh2 Ke7 40. Kg3 Rd2 41. h5 f6 42. Kh3 Ke6 43. Rd8 Ke7 44. Rd5
Ke6 45. Ra5 Rxd4 46. Ra7 Rd7 47. Rxd7 Kxd7 48. Kg4 Ke6 49. Kf4 f5 50. g3
Kf6 51. g4 fxg4 52. fxg4 g6 1/2-1/2

[Event "FIDE World Rapid Team"]
[Site "London ENG"]
[Date "2025.06.13"]
[Round "9.4"]
[White "Hng, Mei-En Emmanuelle"]
[Black "Lohia, Sohum"]
[Result "0-1"]
[WhiteElo "1994"]
[BlackElo "2097"]
[EventDate "2025.06.11"]
[Board "5"]

1. e4 e5 2. Nf3 Nc6 3. Bb5 a6 4. Ba4 Nf6 5. O-O d6 6. Re1 Bd7 7. d3 g6 8.
c3 Bg7 9. Nbd2 O-O 10. Nf1 b5 11. Bc2 a5 12. a4 b4 13. d4 bxc3 14. bxc3
exd4 15. cxd4 Re8 16. h3 Nb4 17. Bg5 h6 18. Bd2 c5 19. Rb1 Bc6 20. d5 Bb7
21. Bxb4 axb4 22. Bd3 Ba6 23. Bxa6 Rxa6 24. N1d2 Qd7 25. Nc4 Rxe4 26. Qd3
Rxe1+ 27. Rxe1 Qxa4 28. g4 Qb5 29. Nfd2 Qb7 30. Ne3 Ra3 31. Qc2 b3 32. Qc4
b2 33. Nb1 Ra1 34. h4 Qb4 35. Rd1 Qxc4 36. Nxc4 Ne4 37. Nca3 Nc3 38. Nxc3
Bxc3 39. Nb1 Bd2 40. Kf1 Bc1 41. Nc3 b1=R 42. Nxb1 Rxb1 43. Ke2 Rb2+ 44.
Kd3 Bf4 45. f3 Kg7 46. Ke4 Rb4+ 0-1

[Event "FIDE World Rapid Team"]
[Site "London ENG"]
[Date "2025.06.13"]
[Round "9.4"]
[White "Yildiz, Ali Aras"]
[Black "Jain, Gautam"]
[Result "1/2-1/2"]
[WhiteElo "1835"]
[BlackElo "1918"]
[EventDate "2025.06.11"]
[Board "6"]

1. e4 d6 2. d4 Nf6 3. Nc3 Nbd7 4. Nf3 e5 5. dxe5 dxe5 6. Bc4 Be7 7. O-O c6
8. a4 Qc7 9. h3 Nc5 10. Qe2 h6 11. Be3 O-O 12. Nd2 Ne6 13. Nb3 b6 14. Rad1
Ng5 15. Bd3 Bd6 16. Qd2 Ne6 17. Ne2 Nf4 18. Bxf4 exf4 19. Nbd4 Rd8 20. Nf3
Bb7 21. Qc3 Re8 22. e5 Bxe5 23. Nxe5 Rxe5 24. Nxf4 Rae8 25. g3 Qc8 26. Rfe1
Rxe1+ 27. Rxe1 c5 28. Re5 Qc6 29. Rxe8+ Nxe8 30. Kf1 Qh1+ 31. Ke2 Nf6 32.
Qe5 Bf3+ 33. Ke3 Qe1+ 34. Ne2 Bc6 35. Qb8+ Be8 36. Qd8 Qh1 37. f3 Qxh3 38.
Nf4 Qd7 39. Qb8 Qe7+ 40. Kf2 Qf8 41. Qxa7 g5 42. Ne2 Qd6 43. a5 bxa5 44.
Qxa5 Bc6 45. Qa6 Qd5 46. Qc8+ Kg7 47. Qf5 Qxf5 48. Bxf5 Kf8 49. c3 Ke7 50.
b4 cxb4 51. cxb4 Nd5 52. b5 Bxb5 53. Nd4 Ba4 54. Be4 Nc3 55. Nf5+ Kf6 56.
Nxh6 Nxe4+ 57. fxe4 Bd7 58. Ng8+ Ke5 59. Ke3 Bc6 60. Nh6 Ke6 61. Kd4 f6 62.
Nf5 Ba4 63. Ne3 Be8 64. Nd5 Bc6 65. Kc5 Ba4 66. Kd4 Bc6 67. Ne3 Ba4 1/2-1/2

[Event "FIDE World Rapid Team"]
[Site "London ENG"]
[Date "2025.06.13"]
[Round "9.5"]
[White "Harvey, Marcus R"]
[Black "Bjerre, Jonas Buhl"]
[Result "0-1"]
[WhiteElo "2460"]
[BlackElo "2546"]
[EventDate "2025.06.11"]
[Board "1"]

1. Nf3 c5 2. c4 g6 3. e4 Bg7 4. d4 cxd4 5. Nxd4 Nc6 6. Be3 Qb6 7. Nb5 Qa5+
8. Bd2 Qd8 9. Bc3 Nf6 10. Bd3 d6 11. Nd4 Ne5 12. O-O O-O 13. Re1 Bg4 14. f3
Bd7 15. Bf1 a6 16. f4 Nc6 17. Nxc6 Bxc6 18. Bd3 b5 19. cxb5 axb5 20. b4
Qb6+ 21. Kh1 h5 22. h3 h4 23. Qd2 Qb7 24. Qf2 Bxe4 25. Bxf6 Bxf6 26. Bxe4
d5 27. Nc3 Bxc3 28. Qf3 Rac8 29. Bxd5 Qb6 30. f5 Bxa1 31. Rxa1 Qf6 32. Rf1
Rc3 33. Qf2 g5 34. Bb3 Rd8 35. Qe2 Rcd3 36. Re1 R8d7 37. Qe4 Kg7 38. Qe2
Kf8 39. Rc1 Qxf5 40. Rf1 Re3 41. Rxf5 Rxe2 42. Rxf7+ Ke8 43. Rg7 Rc7 44.
Kh2 Rc1 45. Rg8+ Kd7 0-1

[Event "FIDE World Rapid Team"]
[Site "London ENG"]
[Date "2025.06.13"]
[Round "9.5"]
[White "Jacobsen, Mikkel Manosri"]
[Black "Wadsworth, Matthew J"]
[Result "0-1"]
[WhiteElo "2169"]
[BlackElo "2367"]
[EventDate "2025.06.11"]
[Board "2"]

1. d4 d5 2. Nf3 Nf6 3. Bf4 c5 4. e3 Nc6 5. Nbd2 Bg4 6. c3 e6 7. Qb3 Qc8 8.
Nh4 Be7 9. h3 Bh5 10. g4 Bg6 11. Nxg6 hxg6 12. Be2 cxd4 13. exd4 a6 14. h4
b5 15. h5 Qd7 16. a3 Bd6 17. Be3 Na5 18. Qc2 Nc4 19. Nxc4 bxc4 20. Bf3 Rb8
21. O-O-O gxh5 22. g5 Ne4 23. Bxe4 dxe4 24. Qxe4 Qb5 25. Qc2 g6 26. d5 e5
27. Rh4 O-O 28. a4 Qb7 29. Rxc4 Rfc8 30. Rxc8+ Rxc8 31. Kb1 Rc4 32. Ka2 Qc7
33. Rd3 e4 34. Rd1 Qa5 35. b3 Rxc3 36. Qxe4 Qd8 37. Bd4 Rc8 38. Bf6 Qc7 39.
Bb2 Qb6 40. Rd2 Rb8 41. Qf3 Qb4 42. Rd3 Be7 43. Qe3 Bd6 44. Rd4 Qb6 45. Qf3
Be5 46. Rd3 Bxb2 47. Kxb2 Qd6 48. Qe4 Rc8 49. Qd4 Qc7 50. Rd1 Qc2+ 51. Ka3
Rc3 52. Qb4 Qxd1 53. Qxc3 Qxd5 54. b4 h4 55. Qh3 Qxg5 56. Qc8+ Kg7 57. Qd7
Qf6 58. b5 Qc3+ 59. Ka2 axb5 60. axb5 h3 61. Qc6 Qd2+ 62. Kb3 h2 63. b6
Qd1+ 0-1

[Event "FIDE World Rapid Team"]
[Site "London ENG"]
[Date "2025.06.13"]
[Round "9.5"]
[White "Czopor, Maciej"]
[Black "Muetsch, Annmarie"]
[Result "1-0"]
[WhiteElo "2382"]
[BlackElo "2188"]
[EventDate "2025.06.11"]
[Board "3"]

1. e4 d6 2. d4 Nf6 3. Nc3 e5 4. Nf3 Nbd7 5. Rg1 c6 6. g4 h6 7. Be3 Qa5 8.
Nd2 Be7 9. d5 cxd5 10. Nb3 Qd8 11. exd5 Nf8 12. h4 N6h7 13. Ne4 Nf6 14.
Nxf6+ Bxf6 15. g5 hxg5 16. hxg5 Be7 17. Bd3 Bd7 18. Qe2 a5 19. Nd2 Rb8 20.
O-O-O b5 21. f4 a4 22. Ne4 a3 23. b3 Ng6 24. fxe5 Nxe5 25. Bd4 Qc7 26. g6
f6 27. Bxe5 fxe5 28. Rgf1 Kd8 29. Rf7 Re8 30. Rdf1 Kc8 31. Rxg7 Bf8 32. Rh7
Kb7 33. Bxb5 Be7 34. Bxd7 Qxd7 35. Nf6 Qc7 36. Nxe8 Qc3 37. Qb5+ 1-0

[Event "FIDE World Rapid Team"]
[Site "London ENG"]
[Date "2025.06.13"]
[Round "9.5"]
[White "Loftgaard, Mikkel Vinh"]
[Black "Willow, Jonah B"]
[Result "0-1"]
[WhiteElo "2160"]
[BlackElo "2322"]
[EventDate "2025.06.11"]
[Board "4"]

1. e4 e6 2. d4 d5 3. exd5 exd5 4. Nf3 Nc6 5. c4 Bb4+ 6. Nc3 Nge7 7. cxd5
Nxd5 8. Bd2 O-O 9. Be2 Re8 10. O-O Bg4 11. h3 Bh5 12. Re1 Nb6 13. a3 Bf8
14. Be3 Na5 15. Ne5 Bxe2 16. Qxe2 f6 17. Nf3 Nac4 18. Nd2 Nxe3 19. fxe3 c5
20. d5 Bd6 21. Qg4 Be5 22. e4 Rc8 23. Nf3 Nc4 24. Nxe5 Nxe5 25. Qg3 Qb6 26.
Re2 Qb3 27. Rf1 b5 28. Qf2 Qc4 29. d6 Nd3 30. Qg3 Rcd8 31. Nd5 Kh8 32. Rd1
Qd4+ 33. Kh2 c4 34. Nc7 Re5 35. Qg4 Qxd6 36. Qg3 Qxc7 37. Rc2 Re7 38. Qxc7
Rxc7 39. b3 Kg8 40. bxc4 bxc4 41. a4 Kf7 42. Rb1 Ne5 0-1

[Event "FIDE World Rapid Team"]
[Site "London ENG"]
[Date "2025.06.13"]
[Round "9.5"]
[White "Kueh, Audrey"]
[Black "Jalving, August"]
[Result "1/2-1/2"]
[WhiteElo "2098"]
[BlackElo "1893"]
[EventDate "2025.06.11"]
[Board "5"]

1. e4 c5 2. Nf3 d6 3. Bb5+ Nd7 4. a4 a6 5. Be2 Ngf6 6. Nc3 e6 7. O-O Be7 8.
d4 cxd4 9. Qxd4 O-O 10. Rd1 Qc7 11. Qc4 Qxc4 12. Bxc4 Ne5 13. Nxe5 dxe5 14.
f3 Bd7 15. Be3 Rac8 16. Be2 Bb4 17. Na2 Rxc2 18. Nxb4 Rxe2 19. Bd2 Bxa4 20.
Rxa4 Rd8 21. Nd5 exd5 22. Kf1 Rxd2 23. Rxd2 d4 24. Ra5 Re8 25. Ke2 g5 26.
Rc2 Re7 27. Rcc5 d3+ 28. Kxd3 Rd7+ 29. Ke2 b6 30. Rc8+ Kg7 31. Rxa6 Nh5 32.
g3 g4 33. Rxb6 gxf3+ 34. Kxf3 Rd3+ 35. Ke2 Rd4 36. Ke3 Nf6 37. b4 Rxe4+ 38.
Kf3 Re1 39. b5 e4+ 40. Kf2 Rb1 41. h3 Rb2+ 42. Kf1 Rb1+ 43. Kf2 Rb2+ 44.
Kf1 e3 45. Rxf6 Kxf6 46. Re8 Rxb5 47. Rxe3 Kg5 48. Kf2 f5 49. Kf3 Rb1 50.
Re6 Rf1+ 51. Kg2 Ra1 52. Kf3 Ra3+ 53. Kf2 h5 54. Kg2 Ra2+ 55. Kf3 h4 56.
gxh4+ Kxh4 57. Rg6 Ra4 58. Rg8 Ra1 59. Rg7 Rf1+ 60. Kg2 Ra1 61. Kf3 Ra3+
62. Kf4 Kxh3 1/2-1/2

[Event "FIDE World Rapid Team"]
[Site "London ENG"]
[Date "2025.06.13"]
[Round "9.5"]
[White "McCallum, Elliot"]
[Black "Barwick, Carmel"]
[Result "1-0"]
[WhiteElo "1831"]
[BlackElo "1915"]
[EventDate "2025.06.11"]
[Board "6"]

1. e4 c5 2. c3 Nf6 3. e5 Nd5 4. Nf3 Nc6 5. Bc4 Nb6 6. Bb3 c4 7. Bc2 Qc7 8.
Qe2 g5 9. Nxg5 Qxe5 10. d4 cxd3 11. Bxd3 Qxe2+ 12. Bxe2 d5 13. O-O Bf5 14.
Be3 h6 15. Nf3 Nd7 16. Nd4 Nxd4 17. cxd4 Rc8 18. Nc3 e6 19. Rac1 a6 20. Bf3
Nb6 21. b3 Ba3 22. Na4 Bxc1 23. Nxb6 Bxe3 24. Nxc8 Bf4 25. Nb6 Ke7 26. Re1
Kd6 27. g3 Bd2 28. Rd1 Ba5 29. Na4 Rc8 30. Nc5 Rc7 31. Kg2 f6 32. a3 Bb6
33. b4 Bxc5 34. bxc5+ Kc6 35. g4 Rg7 36. Kh3 Bh7 37. Re1 Kd7 38. Kh4 Rg5
39. Bd1 Rg8 40. Ba4+ Ke7 41. f4 Be4 42. h3 Kf7 43. Bb3 Kg6 44. Re2 f5 45.
Bc2 Kf6 46. a4 fxg4 47. Bxe4 dxe4 48. hxg4 e3 49. Rxe3 Rd8 50. Re4 Rd5 51.
a5 Rd8 52. Kh5 Rg8 53. Re5 Rd8 54. g5+ hxg5 55. fxg5+ Kg7 56. Rxe6 Kf7 57.
Rd6 Rh8+ 58. Kg4 Ke7 59. Rb6 Rd8 60. Rxb7+ Ke6 61. Rb6+ Kf7 62. Rf6+ Kg7
63. Rd6 Re8 64. Kf5 Rf8+ 65. Rf6 Rd8 66. Ke5 Re8+ 67. Re6 Rd8 68. c6 1-0

[Event "FIDE World Rapid Team"]
[Site "London ENG"]
[Date "2025.06.13"]
[Round "9.6"]
[White "Atlas, Valery"]
[Black "Degenbaev, Aziz"]
[Result "1/2-1/2"]
[WhiteElo "2419"]
[BlackElo "2252"]
[EventDate "2025.06.11"]
[Board "2"]

1. e4 c5 2. Nf3 d6 3. d4 cxd4 4. Nxd4 Nf6 5. Nc3 a6 6. g3 e5 7. Nb3 Be7 8.
Bg2 O-O 9. O-O Be6 10. a4 Nbd7 11. Re1 Rc8 12. Nd2 Qa5 13. Nf1 b5 14. Ne3
Nb6 15. Bd2 b4 16. Na2 Bxa2 17. Rxa2 Rfd8 18. c3 d5 19. Nf5 Bf8 20. cxb4
Bxb4 21. Ne7+ Kf8 22. Bxb4 Qxb4 23. Nxc8 Rxc8 24. exd5 e4 25. b3 Nbxd5 26.
Rd2 Re8 27. Rd4 Qc5 28. Qd2 a5 29. Rc1 Qa3 30. Rd1 e3 31. fxe3 Nxe3 32. Bc6
Re6 33. Rd8+ Ke7 34. Rc8 Re5 35. Qd8+ Ke6 36. Bd7+ Nxd7 37. Qxd7+ Kf6 38.
Rc6+ Kg5 39. h4+ Kh5 40. Qxf7+ Kg4 41. Qf4+ Kh3 42. Qxe5 Qa2 43. Qe6+ Ng4
44. Qxg4+ Kxg4 45. Rc3 Kh3 46. g4+ Kxh4 47. Kf1 Qh2 48. Rdd3 Qh1+ 49. Kf2
Qh2+ 50. Kf1 Qh1+ 51. Kf2 Qh2+ 1/2-1/2

[Event "FIDE World Rapid Team"]
[Site "London ENG"]
[Date "2025.06.13"]
[Round "9.6"]
[White "Zhakshylykov, Erzhan"]
[Black "Slavin, Gennadie"]
[Result "1/2-1/2"]
[WhiteElo "2235"]
[BlackElo "2207"]
[EventDate "2025.06.11"]
[Board "3"]

1. d4 Nf6 2. Nf3 d6 3. c4 Nbd7 4. Nc3 e5 5. e4 g6 6. Be2 Bg7 7. O-O O-O 8.
Re1 c6 9. Bf1 a6 10. a4 exd4 11. Nxd4 a5 12. Be3 Nc5 13. f3 Qb6 14. Qc2 Re8
15. Rad1 Qb4 16. Bf2 Nfd7 17. f4 Nf8 18. Nf3 Bg4 19. Be2 Be6 20. Rxd6 Bxc4
21. Bxc4 Qxc4 22. e5 Rad8 23. Red1 Rxd6 24. Rxd6 Nfe6 25. g3 Bf8 26. Rd1
Rd8 27. Rxd8 Nxd8 28. Ng5 Nde6 29. Nge4 Nxe4 30. Qxe4 Qb3 31. Qe2 Bc5 32.
Bxc5 Nxc5 33. Qd2 Kg7 34. f5 gxf5 35. Qg5+ Kf8 36. Qd8+ Kg7 37. Qf6+ Kg8
38. Qg5+ Kf8 39. Qd8+ Kg7 40. Qf6+ Kg8 1/2-1/2